<?xml version="1.0" encoding="UTF-8"?>
<record
    xmlns:xsi="http://www.w3.org/2001/XMLSchema-instance"
    xsi:schemaLocation="http://www.loc.gov/MARC21/slim http://www.loc.gov/standards/marcxml/schema/MARC21slim.xsd"
    xmlns="http://www.loc.gov/MARC21/slim">

  <leader>00702nam a22001937a 4500</leader>
  <datafield tag="999" ind1=" " ind2=" ">
    <subfield code="c">176061</subfield>
    <subfield code="d">176061</subfield>
  </datafield>
  <controlfield tag="005">20201026154437.0</controlfield>
  <datafield tag="010" ind1=" " ind2=" ">
    <subfield code="a">UR-10914</subfield>
  </datafield>
  <datafield tag="020" ind1=" " ind2=" ">
    <subfield code="c">108.00</subfield>
    <subfield code="a">9789389358438</subfield>
  </datafield>
  <datafield tag="035" ind1=" " ind2=" ">
    <subfield code="a">U-9469</subfield>
  </datafield>
  <datafield tag="037" ind1=" " ind2=" ">
    <subfield code="b">DBAD/PUB</subfield>
  </datafield>
  <datafield tag="082" ind1=" " ind2=" ">
    <subfield code="a">841</subfield>
  </datafield>
  <datafield tag="100" ind1=" " ind2=" ">
    <subfield code="d">&#x634;&#x628;&#x646;&#x645; &#x622; &#x631; &#x627; </subfield>
  </datafield>
  <datafield tag="245" ind1=" " ind2=" ">
    <subfield code="a">&#x62C;&#x62F; &#x64A;&#x62F; &#x639;&#x648; &#x631; &#x62A; &#x6A9;&#x6CC; &#x62D;&#x62B;&#x64A;&#x62A; &#x627; &#x648; &#x631; &#x627; &#x631; &#x62F; &#x648; &#x634;&#x627; &#x639;&#x631; &#x6CC; </subfield>
    <subfield code="c">&#x634;&#x628;&#x646;&#x645; &#x622; &#x631; &#x627; </subfield>
  </datafield>
  <datafield tag="246" ind1=" " ind2=" ">
    <subfield code="b">Jadeed Aurat Ki Hessiyat Aur Urdu Shairi (Urdu)</subfield>
    <subfield code="a">by Shabnam Ara</subfield>
  </datafield>
  <datafield tag="260" ind1=" " ind2=" ">
    <subfield code="a">N.Delhi </subfield>
    <subfield code="b">Educational Publishing House</subfield>
    <subfield code="c">2019 &#x621;</subfield>
  </datafield>
  <datafield tag="270" ind1=" " ind2=" ">
    <subfield code="a">H.O.D1/16,Ansari Road,Darya ganj,</subfield>
    <subfield code="b">N.Delhi</subfield>
    <subfield code="e">110002</subfield>
    <subfield code="k">45678285,23216162</subfield>
    <subfield code="l">0091-11-23211540</subfield>
  </datafield>
  <datafield tag="300" ind1=" " ind2=" ">
    <subfield code="a">215 &#x635; </subfield>
    <subfield code="c">22 Cm(Hb)</subfield>
  </datafield>
  <datafield tag="942" ind1=" " ind2=" ">
    <subfield code="2">ddc</subfield>
    <subfield code="c">UR</subfield>
    <subfield code="h">841</subfield>
    <subfield code="m">&#x634; &#x628; &#x646; </subfield>
  </datafield>
  <datafield tag="952" ind1=" " ind2=" ">
    <subfield code="0">0</subfield>
    <subfield code="1">0</subfield>
    <subfield code="4">0</subfield>
    <subfield code="7">0</subfield>
    <subfield code="8">NFIC</subfield>
    <subfield code="a">DBAD</subfield>
    <subfield code="b">DBAD</subfield>
    <subfield code="d">2020-10-26</subfield>
    <subfield code="e">DBAD/PUB</subfield>
    <subfield code="g">108.00</subfield>
    <subfield code="l">0</subfield>
    <subfield code="o">841 &#x634; &#x628; &#x646;</subfield>
    <subfield code="p">U-9469</subfield>
    <subfield code="r">2020-10-26 00:00:00</subfield>
    <subfield code="t">1</subfield>
    <subfield code="v">108.00</subfield>
    <subfield code="w">2020-10-26</subfield>
    <subfield code="y">UR</subfield>
  </datafield>
</record>
